000 nam a22 7a 4500
999 _c39238
_d39238
005 20170724113044.0
008 170724b xxu||||| |||| 00| 0 eng d
020 _a978-9978-340-09-7
040 _aANE
041 _aEs
082 _a700 C424
100 _aCevallos García, Gabriel
245 _aArte, historia filosofia
250 _a1 ra ed
260 _aQuito-Ecuador
_c2006
300 _a201 p.
500 _aPrólogo
500 _aÍndice
505 _aEl Arte Ecuatoriano I- 2- 3-4.- La historia en el Ecuador.- Gabriel García Moreno.- Ortega y el Arte de leer
650 _aArte-Ecuador
650 _aHistoria-Ecuador
650 _aFilosofía-Ecuador
942 _2ddc
_cBK
_zNr.